Doctor Who : the Eleventh Doctor. #2, Serve you / ... Read More
Available copies
- 1 of 1 copy available at LARL/NWRL Consortium.
Current holds
0 current holds with 1 total copy.
Show Only Available Copies
| Location | Call Number / Copy Notes | Barcode | Shelving Location | Status | Due Date |
|---|---|---|---|---|---|
| Greenbush Public Library | EWI (Text) | 35500006289019 | Main | Available | - |
Record details
- ISBN: 9781782761761
- ISBN: 1782761764
- ISBN: 9781782766582
- ISBN: 1782766588
- ISBN: 9781782765035
- ISBN: 1782765034
- ISBN: 9781785861468
- ISBN: 1785861468
- Physical Description: 1 volume (unpaged) : color illustrations ; 27 cm
- Edition: First edition.
- Publisher: London : Titan Comics, 2015.
Content descriptions
| General Note: | Collects Doctor Who: the Eleventh Doctor #6-10. |
| Formatted Contents Note: | Space in dimension relative and time / writer, Rob ... Read More |
| Summary, etc.: | The Eleventh Doctor has an all-new TARDIS crew: ... Read More |
Search for related items by subject
Search for related items by series
| LDR | 03582cam a2200685Ii 4500 | ||
|---|---|---|---|
| 001 | 347776 | ||
| 003 | LARL_NWRL_CONSORTIUM | ||
| 005 | 20200612180303.0 | ||
| 008 | 150717s2015 enka 6 000 f eng d | ||
| 040 | . | ‡aAU@ ‡beng ‡erda ‡cAU@ ‡dOCLCO ‡dIH7 ‡dZPP ‡dOCLCQ ‡dOCLCO ‡dINR ‡dOCLCF ‡dORX ‡dBTCTA ‡dSGR ‡dTOP ‡dCHILD ‡dJNE ‡dIHX ‡dKYD ‡dTOH ‡dOCLCQ ‡dDE# ‡dTY5 ‡dLKC ‡dOCLCO ‡dLMJ ‡dOCLCO ‡dB@L ‡dUTP ‡dOCLCO ‡dZQP ‡dOCLCO ‡dOCL ‡dNRG | |
| 019 | . | ‡a969963172 ‡a971532372 ‡a994502552 ‡a1031092568 | |
| 020 | . | ‡a9781782761761 ‡q(hardback) | |
| 020 | . | ‡a1782761764 ‡q(hardback) | |
| 020 | . | ‡a9781782766582 ‡q(paperback) | |
| 020 | . | ‡a1782766588 ‡q(paperback) | |
| 020 | . | ‡a9781782765035 | |
| 020 | . | ‡a1782765034 | |
| 020 | . | ‡a9781785861468 | |
| 020 | . | ‡a1785861468 | |
| 035 | . | ‡a(OCoLC)913911372 ‡z(OCoLC)969963172 ‡z(OCoLC)971532372 ‡z(OCoLC)994502552 ‡z(OCoLC)1031092568 | |
| 082 | 0 | 4. | ‡a741.5942 ‡223 |
| 049 | . | ‡aNRGA | |
| 100 | 1 | . | ‡aEwing, Al, ‡eauthor. ‡0(LARL_NWRL_CONSORTIUM)221103 |
| 245 | 1 | 0. | ‡aDoctor Who : ‡bthe Eleventh Doctor. ‡n#2, ‡pServe you / ‡cwriters, Al Ewing & Rob Williams ; artists, Simon Fraser, Boo Cook, Warren Pleece ; colorists, Gary Caldwell, Hi-Fi ; editor, Andrew James. |
| 246 | 3 | 0. | ‡aEleventh doctor. ‡n#2, ‡pServe you |
| 246 | 3 | 0. | ‡aServe you |
| 250 | . | ‡aFirst edition. | |
| 264 | 1. | ‡aLondon : ‡bTitan Comics, ‡c2015. | |
| 300 | . | ‡a1 volume (unpaged) : ‡bcolor illustrations ; ‡c27 cm | |
| 336 | . | ‡atext ‡btxt ‡2rdacontent | |
| 336 | . | ‡astill image ‡bsti ‡2rdacontent | |
| 337 | . | ‡aunmediated ‡bn ‡2rdamedia | |
| 338 | . | ‡avolume ‡bnc ‡2rdacarrier | |
| 490 | 0 | . | ‡aDoctor Who graphic novel ; ‡v2 |
| 500 | . | ‡aCollects Doctor Who: the Eleventh Doctor #6-10. | |
| 520 | . | ‡aThe Eleventh Doctor has an all-new TARDIS crew: whip-smart Alice Obiefune, mercurial Jones and the shapeshifting ARC! But whether battling time in the TARDIS running backwards, alien air war in the Earthly skies, or the deadly machinations of SERVEYOUinc ... terror, awe, and danger are never far away. --Page 4 of cover. | |
| 505 | 0 | . | ‡aSpace in dimension relative and time / writer, Rob Williams ; artist, Simon Fraser -- The eternal dogfight / writer, Rob Williams ; artist, Warren Pleece -- The infinite astronaut / writer, Al Ewing ; artist, Warren Pleece -- The rise and fall / writer, Al Ewing ; artist, Boo Cook -- The other Doctor / writer, Rob Williams ; artist, Simon Fraser. |
| 600 | 0 | 0. | ‡aDoctor ‡c(Fictitious character) ‡vComic books, strips, etc. |
| 600 | 0 | 7. | ‡aDoctor ‡c(Fictitious character) ‡2fast |
| 600 | 0 | 1. | ‡aDoctor ‡c(Fictitious character) ‡vComic books, strips, etc. |
| 650 | 0. | ‡aTime travel ‡vComic books, strips, etc. | |
| 650 | 7. | ‡aTime travel. ‡2fast ‡0(LARL_NWRL_CONSORTIUM)178991 | |
| 650 | 7. | ‡aDoctor (Fictitious character) ‡vComic books, strips, etc. ‡2sears | |
| 650 | 7. | ‡aTime travel ‡vComic books, strips, etc. ‡2sears | |
| 650 | 1. | ‡aTime travel ‡vComic books, strips, etc. | |
| 655 | 4. | ‡aTeen fiction. | |
| 655 | 1. | ‡aScience fiction comic books, strips, etc. | |
| 655 | 7. | ‡aComic books, strips, etc. ‡2fast | |
| 655 | 7. | ‡aGraphic novels. ‡2fast | |
| 655 | 7. | ‡aScience fiction comic books, strips, etc. ‡2fast | |
| 655 | 7. | ‡aGraphic novels. ‡2lcgft | |
| 655 | 0. | ‡aScience fiction comic books, strips, etc. | |
| 700 | 1 | . | ‡aWilliams, Rob ‡q(Robert Glyndwr), ‡eauthor. |
| 700 | 1 | . | ‡aFraser, Simon, ‡d1969- ‡eartist. |
| 730 | 0 | . | ‡iAdaptation of (expression): ‡aDoctor Who (Television program : 2005- ) |
| 905 | . | ‡ubacont | |
| 901 | . | ‡a347776 ‡b ‡c347776 ‡tbiblio ‡soclc | |

Add to basket
Permalink
Disable Highlighting